Ubrania na literę B - Statystyki

Ogólne statystyki
  • Ten quiz został rozwiązany 219 razy
    218 od ostatniego zresetowania
  • Średni wynik to 10 z 28
Statystyki odpowiedzi
Ubranie % Poprawnych
buty
88%
bluza
87%
bluzka
82%
biustonosz
68%
bokserki
57%
botki
54%
beret
52%
bransoletka
49%
bielizna
48%
bambosze
40%
baleriny
39%
body
38%
bolerko
38%
broszka
34%
baletki
33%
biżuteria
33%
bikini
29%
bandana
26%
bomberka
21%
bojówki
19%
bermudy
18%
blezer
16%
bejsbolówka
15%
binokle
15%
bardotka
14%
bezrękawnik
14%
bryczesy
14%
braletka
6%
Nie znaleziono quizów pasujących do podanych kryteriów
Rozkład punktacji
Procent ludzi z każdym wynikiem
Percentyl według liczby udzielonych odpowiedzi
Twoja historia wyników
Nie rozwiązałeś tego quizu od ostatniego zresetowania